000 00856nam a2200265 i 4500
003 DO-SdBNP
005 20240405094410.0
007 ta
008 240405b200- dr ||||| |||| 00| 0 spa d
020 _a9789945922967
040 _aDO-SdBNP
_bspa
_cBNPHU
_erda
082 4 _222
100 1 _aCuello Tiburcio, Gerald R.,
_eautor
_985140
245 1 3 _aEl emprededor digital exitoso /
_cGerald R. Cuello Tiburcio ; corrección, Mary Pérez
264 _aSanto Domingo :
_bNuevas Tierras,
_c200?.
300 _a195 páginas ;
_c23 cm.
336 _2rdacontent
_atexto
_btxt
337 _2rdamedia
_asin mediación
_bn
338 _2rdacarrier
_avolumen
_bnc
500 _aIncluye datos biográficos del autor en la contracubierta
590 _aInventariado, 2024/BT
700 1 _aPérez, Mary,
_ecorrección
_978164
910 _aBtavárez
942 _2ddc
_cLBS1
999 _c56262
_d56262